000 01608nam a22002895a 4500
003 OSt
005 20160925121537.0
008 160925s2007 ua fr 000 0 ara d
015 _a2006/18860
020 _a977438010X
040 _aEG-ScBUE
_bara
_cEG-ScBUE
043 _af-ua---
082 0 4 _a346.62073
_bش و ا
_222
100 1 _aشواربي، عبد الحميد.
_941062
245 1 0 _aإدارة مخاطر التعثر المصرفي من وجهتي النظر المصرفية والقانونية :
_bمنظومة إصلاح مصرفي بين النظرية والتطبيق من خلال رؤية فلسفية ومنهجية وتنويرية /
_cتأليف عبد الحميد الشواربي، محمد الشواربي.
250 _aط. 1.
260 _aالإسكندرية :
_bالمكتب الجامعي الحديث،
_c2007.
300 _a1753 ص. ؛
_c24 سم.
520 _aمحتويات وأهداف الكتاب : -أسباب أزمة التعثر المصرفي وتداعياتها - أوجه الإصلاح المصرفي للخروج من الأزمة - منظومة الأدوار الفعالة في إدارة الأزمة - الإجراءات المصرفية في مواجهة أطراف التعثر.
650 7 _aالائتمان المصرفي
_xقوانين و تشريعات
_zمصر.
_2BUEsh
_941173
650 7 _aالبنوك
_xقوانين و تشريعات
_zمصر.
_2BUEsh
_941172
650 0 _aالبنوك
_zمصر
_xإدارة
_2BUEsh
651 _2BUEsh
653 _bLLAAWW
_cSeptember2016
700 1 _aشواربي، محمد.
_941169
942 _2ddc
999 _c22386
_d22358